000 00523nam a2200205Ia 4500
005 20260622142228.0
008 131103s9999 xx 000 0 und d
040 _aLoreto College
041 _aEnglish
082 _a937
_bTRE
100 _aTreble H A
245 _aEveryday life in Rome
_cH A Treble & K M King
260 _aOxford
_bAt The Clarendon Press
_c1951
300 _a160p.
_b ill., plates
504 _aIncludes index
650 _aRome - History
700 _aKing K M
850 _aLCLIB
942 _cBK
999 _c25697
_d76176